| 000 | 00964cam a2200301 i 4500 | ||
|---|---|---|---|
| 001 | 29988 | ||
| 003 | Mx-PuUPA | ||
| 005 | 20251024090427.0 | ||
| 008 | 140415s1993 mx d gr 000 0 spa d | ||
| 020 | _a9681325427 | ||
| 040 |
_aMx-PuUPA _bspa _cMx-PuUPA _dMx-PuUPA _erda |
||
| 041 | 0 | _aspa | |
| 100 | 1 |
_aPazos, Luis, _d1947- _eautor _95918 |
|
| 245 | 1 | 3 |
_aEl final de Salinas / _cLuis Pazos |
| 250 | _aPrimera edición | ||
| 264 | 1 |
_aMéxico, D.F. : _bEditorial Diana, _c1993 |
|
| 300 |
_a231 páginas : _bilustraciones ; _c21 cm |
||
| 336 |
_2rdacontent _atexto _btxt |
||
| 337 |
_2rdamedia _asin medio _bn |
||
| 338 |
_2rdacarrier _avolumen _bnc |
||
| 500 | _a"Entre la recesión y la devaluación". -- Cubierta. | ||
| 650 | 7 |
_aPolítica económica de México _2armarc |
|
| 650 | 7 |
_aPolítica económica _2armarc |
|
| 651 | 4 |
_aMéxico _911833 |
|
| 942 |
_2ddc _h351.00313 _iP348 _cLI |
||
| 999 |
_c29988 _d29988 |
||